nadie sabe lo que va a pasar mañana de Bad Bunny - Estadísticas

Estadísticas generales
  • Esta prueba ha sido intentada 133 veces
  • La puntuación promedio es 17 de 22
Estadísticas de respuestas
Hint Respuesta % Correcto
- NADIE SABE
98%
ft. Young Miko FINA
97%
ft. Mora HIBIKI
95%
- MONACO
94%
ft. Feid PERRO NEGRO
94%
ft. Luar La L TELEFONO NUEVO
93%
ft. Arcángel, De La Ghetto, Ñengo Flow ACHO PR
90%
ft. Bryant Myers SEDA
85%
ft. YOVNGCHIMI MERCEDES CAROTA
82%
- CYBERTRUCK
75%
ft. Eladio Carrion THUNDER Y LIGHTNING
75%
- UN PREVIEW
75%
- EUROPA :(
74%
- LOS PITS
70%
- BATICANO
69%
- MR. OCTOBER
67%
- NO ME QUIERO CASAR
67%
- VUELVE CANDY B
66%
- VOU 787
64%
- WHERE SHE GOES
63%
- BABY NUEVA
61%
- GRACIAS POR NADA
57%
No se encontraron pruebas coincidentes
Distribución de puntuación
Porcentaje de gente con cada puntuación
Porcentaje por número respondido
Historial de tus puntuaciones
No has intentado esta prueba.